000 00538nam a2200205Ia 4500
003 OSt
005 20220926034918.0
006 a|||||r|||| 00| 0
007 ta
008 220923b |||||||| |||| 00| 0 eng d
037 _cGeneral Book
040 _aRTL
_cRTL
_beng
041 _2eng
_aeng
082 _aX:9.3.M8, B D&W
100 _aCarlyle Thomas
245 0 _aChartism
650 _aLabour Economics -- Great Britain
_9248381
942 _hX:9.3.M8, B D&W
_cGB
_2CC
999 _c660753
_d660753